Zaistenie ako dvojnásobná istota

Pojmové vymedzenie zaistenia. Klasifikácia zaistení. Fakultatívne zaistenie. Obligatórne zaistenie. Fakulatívno-obligatórne zaistenie. Formy zaistných zmlúv. Proporcionálne zaistné zmluvy. Excedent. Excedentné zaistenie. Proporcionálne a neproporcionálne zaistné zmluvy.

Gespeichert in:
Bibliographische Detailangaben
1. Verfasser: Veselovská, Stanislava, 1957-
Format: Buchkapitel
Sprache:Slowakisch
Schlagworte:
Tags: Tag hinzufügen
Keine Tags, Fügen Sie das erste Tag hinzu!

MARC

LEADER 00000naa$a2200000$$$4500
001 0024431
005 20240502071419.6
041 0 |a slo 
044 |a SK 
245 1 0 |a Zaistenie ako dvojnásobná istota  |c Stanislava Veselovská 
520 |a Pojmové vymedzenie zaistenia. Klasifikácia zaistení. Fakultatívne zaistenie. Obligatórne zaistenie. Fakulatívno-obligatórne zaistenie. Formy zaistných zmlúv. Proporcionálne zaistné zmluvy. Excedent. Excedentné zaistenie. Proporcionálne a neproporcionálne zaistné zmluvy. 
610 2 0 |a zaistenie 
610 2 0 |a zaistníci 
610 2 0 |a zaisťovatelia 
610 2 0 |a zaisťovne 
610 2 0 |a riziko poistné 
610 2 0 |a zmluvy zaistné 
610 2 0 |a poistenie 
100 1 |a Veselovská, Stanislava, 1957-